000 00409nam a2200145 i 4500
001 87895
003 ES-MaACL
007 t|
008 041228s1912 fr ||||1| fre d
100 1 _aLacour, Lion.
_969398
245 1 0 _aPrécis de Droit Commercial
_b: (non compris le Droit Maritime) /
_cpar Lion Lacour.
260 _aParis :
_bDalloz,
_c1912.
300 _a1283 p. ;
_c24 cm.
852 _aES-MaACL
_jG-4969
999 _c87895
_d87895